Star Trek: Runabouts auf DS9 - Statistiken

Allgemein
  • Dieses Quiz wurde 16 mal gespielt
  • Das Durchschnittsergebnis liegt bei 3 aus 10
Antwortstatistiken
Hint Antwort % Korrekt
2370 bis 2372 USS Orinoco
67%
NCC 72452, ab 2369 USS Rio Grande
58%
2370 bis 2371 USS Mekong
50%
NCC 72454, 2369 bis 2370 USS Ganges
42%
2375 USS Gander
8%
NCC 72936, ab 2371 USS Rubicon
8%
NCC 73024, 2374 USS Shenandoah
8%
ab 2372 USS Volga
8%
2369 USS Yangtzee Kiang
8%
2372 bis 2373 USS Yukon
8%
Keine übereinstimmenden Quizze gefunden
Verteilung der Resultate
Anzahl Personen mit jedem Resultat
Perzentil nach korrekt beantworteten Fragen
Ihre Resultats-Entwicklung
Sie haben dieses Quiz noch nicht gespielt